000 00351 a2200133 4500
005 20250621113206.0
020 _a978-0-07-312821-4
082 _a796.069 FUL
100 _aFULLERTON, S.
245 _aSports Marketing
260 _aBoston,
_bMcGraw-Hill,
_c2007.
300 _axvi, 480p.: ill.; figure, table, picture
_bIndex,
_c26cm.
942 _2ddc
_cBKS
999 _c1029
_d1029